[Event "Guarapuava"]
[Site "Guarapuava"]
[Date "2006.08.??"]
[Round "4"]
[White "Cubas, Jose Fernando"]
[Black "Mekhitarian, Krikor Sevag"]
[Result "0-1"]
[WhiteElo "2421"]
[BlackElo "2448"]
[PlyCount "76"]
[EventDate "2006.08.??"]
[EventType "tourn"]
[EventRounds "9"]
[EventCountry "BRA"]
[SourceTitle "EXT 2007"]
[Source "ChessBase"]
[SourceDate "2006.11.23"]
[SourceVersion "1"]
[SourceVersionDate "2006.11.23"]
[SourceQuality "1"]

1. e4 c5 2. Nf3 d6 3. d4 cxd4 4. Nxd4 Nf6 5. Nc3 a6 6. g3 e5 7. Nb3 Be7 8. a4
Bg4 9. f3 Be6 10. Nd5 Nxd5 11. exd5 Bf5 12. Be3 h5 13. Bd3 Bh3 14. Qd2 Nd7 15.
Na5 Qc7 16. c4 O-O 17. Bf1 Bf5 18. b4 Nf6 19. h3 Bd7 20. c5 Rfe8 21. Nc4 Rac8
22. Be2 Qb8 23. Kf2 dxc5 24. d6 Bf8 25. bxc5 e4 26. Nb6 Rcd8 27. f4 Bc6 28. g4
Nd7 29. Nd5 Nxc5 30. Bxc5 e3+ 31. Nxe3 Bxh1 32. Rxh1 Bxd6 33. Bxd6 Rxd6 34. Nd5
Qa7+ 35. Kg3 h4+ 36. Kxh4 Qf2+ 37. Kh5 Rh6+ 38. Kg5 Qh4+ 0-1

[Event "Guarapuava"]
[Site "Guarapuava"]
[Date "2006.08.??"]
[Round "5"]
[White "Crosa Coll, Martin"]
[Black "Cubas, Jose Fernando"]
[Result "1-0"]
[WhiteElo "2405"]
[BlackElo "2421"]
[PlyCount "45"]
[EventDate "2006.08.??"]
[EventType "tourn"]
[EventRounds "9"]
[EventCountry "BRA"]
[SourceTitle "EXT 2007"]
[Source "ChessBase"]
[SourceDate "2006.11.23"]
[SourceVersion "1"]
[SourceVersionDate "2006.11.23"]
[SourceQuality "1"]

1. e4 e6 2. d4 d5 3. Nc3 Nf6 4. Bg5 Bb4 5. e5 h6 6. Be3 Ne4 7. Qg4 g5 8. h4 h5
9. hxg5 hxg4 10. Rxh8+ Bf8 11. Nxe4 dxe4 12. Ne2 c5 13. O-O-O Nc6 14. g6 fxg6
15. Bh6 Qh4 16. Rxf8+ Ke7 17. Rh8 Qxf2 18. Rh7+ Ke8 19. Nc3 Nxd4 20. Bb5+ Bd7
21. Bxd7+ Kd8 22. Ba4 e3 23. Ne4 1-0

[Event "Guarapuava"]
[Site "Guarapuava"]
[Date "2006.08.??"]
[Round "6"]
[White "Milos, Gilberto"]
[Black "Cubas, Jose Fernando"]
[Result "1/2-1/2"]
[WhiteElo "2563"]
[BlackElo "2421"]
[PlyCount "45"]
[EventDate "2006.08.??"]
[EventType "tourn"]
[EventRounds "9"]
[EventCountry "BRA"]
[SourceTitle "EXT 2007"]
[Source "ChessBase"]
[SourceDate "2006.11.23"]
[SourceVersion "1"]
[SourceVersionDate "2006.11.23"]
[SourceQuality "1"]

1. c4 e5 2. Nc3 Nf6 3. Nf3 Nc6 4. g3 d5 5. cxd5 Nxd5 6. Bg2 Nb6 7. O-O Be7 8.
b3 O-O 9. Bb2 Re8 10. d3 Bf8 11. a4 a5 12. Nb5 f6 13. Rc1 Be6 14. Nd2 Bd5 15.
Bh3 Nd7 16. Ne4 Rc8 17. e3 Nb4 18. Ba3 Be6 19. Bxe6+ Rxe6 20. Qg4 Re8 21. Bxb4
Bxb4 22. Rfd1 Nb6 23. d4 1/2-1/2

[Event "Guarapuava"]
[Site "Guarapuava"]
[Date "2006.08.??"]
[Round "7"]
[White "Cubas, Jose Fernando"]
[Black "Mecking, Henrique"]
[Result "1/2-1/2"]
[WhiteElo "2421"]
[BlackElo "2554"]
[PlyCount "87"]
[EventDate "2006.08.??"]
[EventType "tourn"]
[EventRounds "9"]
[EventCountry "BRA"]
[SourceTitle "EXT 2007"]
[Source "ChessBase"]
[SourceDate "2006.11.23"]
[SourceVersion "1"]
[SourceVersionDate "2006.11.23"]
[SourceQuality "1"]

1. e4 c5 2. Nf3 d6 3. d4 cxd4 4. Nxd4 Nf6 5. Nc3 a6 6. f3 e5 7. Nb3 Be6 8. Be3
Nbd7 9. g4 b5 10. g5 b4 11. Ne2 Nh5 12. Qd2 Be7 13. O-O-O a5 14. Kb1 O-O 15.
Ng3 a4 16. Nc1 Nf4 17. Nf5 Bxg5 18. h4 Bf6 19. Qxd6 g6 20. Bb5 gxf5 21. exf5
Bxf5 22. Bxf4 exf4 23. Qxf4 Qb8 24. Qxf5 Qe5 25. Qxe5 Nxe5 26. f4 Ng6 27. Nd3
Ra5 28. Bd7 a3 29. b3 Rb8 30. Bc6 Nxh4 31. Be4 Ng6 32. Rdg1 Bd4 33. Rg2 f5 34.
Bf3 Bc3 35. Rgh2 Nf8 36. Re2 Bf6 37. Rh5 Kg7 38. Rg2+ Ng6 39. Rgh2 Nf8 40. Rg2+
Ng6 41. Rgh2 Nf8 42. Rg2+ Ng6 43. Rgh2 Nf8 44. Rg2+ 1/2-1/2

[Event "Guarapuava"]
[Site "Guarapuava"]
[Date "2006.08.??"]
[Round "8"]
[White "Disconzi da Silva, Rodrigo"]
[Black "Cubas, Jose Fernando"]
[Result "0-1"]
[WhiteElo "2403"]
[BlackElo "2421"]
[PlyCount "64"]
[EventDate "2006.08.??"]
[EventType "tourn"]
[EventRounds "9"]
[EventCountry "BRA"]
[SourceTitle "EXT 2007"]
[Source "ChessBase"]
[SourceDate "2006.11.23"]
[SourceVersion "1"]
[SourceVersionDate "2006.11.23"]
[SourceQuality "1"]

1. Nf3 Nf6 2. g3 h6 3. Bg2 g5 4. d4 g4 5. Ne5 d6 6. Nd3 d5 7. Bf4 c6 8. Nd2 Bf5
9. c3 Nbd7 10. Qb3 Qb6 11. O-O Bg7 12. Rfe1 Ne4 13. Nxe4 Bxe4 14. Bxe4 dxe4 15.
Nc5 Nxc5 16. dxc5 Qxb3 17. axb3 e5 18. Be3 Ke7 19. Ra4 f5 20. h3 h5 21. Bg5+
Bf6 22. Bxf6+ Kxf6 23. Rd1 Rhd8 24. Rxd8 Rxd8 25. hxg4 hxg4 26. Rxa7 f4 27.
gxf4 exf4 28. Rxb7 f3 29. exf3 gxf3 30. Kh2 Rg8 31. Rc7 e3 32. Rxc6+ Kf5 0-1

[Event "Guarapuava"]
[Site "Guarapuava"]
[Date "2006.08.??"]
[Round "9"]
[White "Cubas, Jose Fernando"]
[Black "Matsuura, Everaldo"]
[Result "0-1"]
[WhiteElo "2421"]
[BlackElo "2445"]
[PlyCount "78"]
[EventDate "2006.08.??"]
[EventType "tourn"]
[EventRounds "9"]
[EventCountry "BRA"]
[SourceTitle "EXT 2007"]
[Source "ChessBase"]
[SourceDate "2006.11.23"]
[SourceVersion "1"]
[SourceVersionDate "2006.11.23"]
[SourceQuality "1"]

1. e4 c5 2. Nf3 Nc6 3. Nc3 g6 4. d4 cxd4 5. Nxd4 Bg7 6. Nb3 Nf6 7. Be2 O-O 8.
O-O d6 9. Re1 Be6 10. Bf1 Rc8 11. h3 Ne5 12. Nd4 Bc4 13. Bd3 Nfd7 14. Nde2 b5
15. a3 a5 16. b4 d5 17. Bxc4 Nxc4 18. Qxd5 Ncb6 19. Qd3 Na4 20. Nxa4 Bxa1 21.
Qxb5 Rxc2 22. Bf4 Bg7 23. Rd1 Qc8 24. Rxd7 Rxe2 25. Rc7 Re1+ 26. Kh2 Qe6 27.
bxa5 Qxe4 28. Rc4 Qe2 29. Qc5 e5 30. Be3 Qf1 31. a6 e4 32. a7 Qh1+ 33. Kg3 Rg1
34. Qxf8+ Bxf8 35. a8=Q Qxg2+ 36. Kf4 Qg5+ 37. Kxe4 Qf5+ 38. Kd4 Rd1+ 39. Kc3
Qd3+ 0-1

[Event "LNA Puma Cup"]
[Site "Argentina"]
[Date "2006.10.07"]
[Round "6"]
[White "Cubas, Jose Fernando"]
[Black "Labollita, Martin"]
[Result "1-0"]
[WhiteElo "2421"]
[BlackElo "2429"]
[PlyCount "75"]
[EventDate "2006.09.03"]
[EventType "swiss"]
[EventRounds "8"]
[EventCountry "ARG"]
[SourceTitle "EXT 2008"]
[Source "ChessBase"]
[SourceDate "2007.11.25"]
[SourceVersion "1"]
[SourceVersionDate "2007.11.25"]
[SourceQuality "1"]

1. e4 c6 2. Nc3 d5 3. Nf3 Bg4 4. h3 Bxf3 5. Qxf3 e6 6. a3 Nd7 7. d3 g6 8. g4
Bg7 9. Bd2 Ne7 10. Qg3 Qb8 11. f4 g5 12. Qf2 gxf4 13. Bxf4 Be5 14. Bxe5 Qxe5
15. d4 Qf6 16. Qxf6 Nxf6 17. Bd3 h6 18. O-O-O a6 19. Rhf1 Nd7 20. Rde1 b5 21.
exd5 cxd5 22. Ne2 Nc8 23. Nf4 Kd8 24. h4 Rg8 25. g5 hxg5 26. hxg5 Rxg5 27. Rxe6
Ndb6 28. Rfe1 Ra7 29. Re8+ Kc7 30. Bf1 Rg4 31. Nd3 Rxd4 32. Bg2 Kd6 33. Rf1 Re7
34. Rf8 a5 35. Bh3 Rc7 36. Rf6+ Ke7 37. R8xf7+ Kd8 38. Ne5 1-0

[Event "Corporacion del Sur-A"]
[Site "Buenos Aires"]
[Date "2006.10.02"]
[Round "1"]
[White "Cubas, Jose Fernando"]
[Black "Flores, Diego"]
[Result "1-0"]
[WhiteElo "2426"]
[BlackElo "2512"]
[PlyCount "97"]
[EventDate "2006.10.02"]
[EventType "tourn"]
[EventRounds "11"]
[EventCountry "ARG"]
[EventCategory "10"]
[SourceTitle "CBM 114 Extra"]
[Source "ChessBase"]
[SourceDate "2006.11.03"]
[SourceVersion "1"]
[SourceVersionDate "2006.11.03"]
[SourceQuality "1"]

1. e4 c5 2. Nf3 e6 3. d4 cxd4 4. Nxd4 a6 5. Nc3 b5 6. Bd3 Qb6 7. Nf3 Qc7 8. O-O
Bb7 9. Re1 Be7 10. e5 f5 11. Bf4 g6 12. h4 h6 13. a4 b4 14. Nb1 Bc5 15. Bh2 Qb6
16. Rf1 g5 17. Nbd2 Ne7 18. Nc4 Qc6 19. Na5 Qc7 20. Nxb7 Qxb7 21. Nd2 g4 22.
Nc4 Ng6 23. Bg3 h5 24. Kh2 Nc6 25. f4 Nce7 26. Be1 Kf7 27. g3 Rhc8 28. Bf2 Kg7
29. Nd6 Bxd6 30. exd6 Nd5 31. Bd4+ Kh6 32. Qd2 Rc6 33. Be5 Rac8 34. a5 Nh8 35.
Rf2 Qa7 36. Re2 Rc5 37. Rae1 Nf7 38. Bd4 Nxd6 39. Rxe6+ dxe6 40. Rxe6+ Kh7 41.
Rxd6 Qf7 42. Bxc5 Rxc5 43. Qf2 Rc7 44. Qd4 Ne7 45. Rxa6 b3 46. Qd6 Ng6 47. Bxf5
Qxf5 48. Qxc7+ Kh6 49. Ra7 1-0

[Event "Corporacion del Sur-A"]
[Site "Buenos Aires"]
[Date "2006.10.03"]
[Round "2"]
[White "Ricardi, Pablo"]
[Black "Cubas, Jose Fernando"]
[Result "1-0"]
[WhiteElo "2504"]
[BlackElo "2426"]
[PlyCount "79"]
[EventDate "2006.10.02"]
[EventType "tourn"]
[EventRounds "11"]
[EventCountry "ARG"]
[EventCategory "10"]
[SourceTitle "CBM 114 Extra"]
[Source "ChessBase"]
[SourceDate "2006.11.03"]
[SourceVersion "1"]
[SourceVersionDate "2006.11.03"]
[SourceQuality "1"]

1. c4 Nf6 2. Nc3 c6 3. e4 e5 4. Nf3 Qa5 5. Be2 Bb4 6. O-O O-O 7. d4 d6 8. Bd2
exd4 9. Nxd4 Qb6 10. Na4 Qxd4 11. Bxb4 Qxd1 12. Rfxd1 c5 13. Be1 Nxe4 14. f3
Bd7 15. Nc3 Nxc3 16. Bxc3 Re8 17. Kf2 Re6 18. Rd2 Nc6 19. Rad1 Rae8 20. Bf1 Ne7
21. Rxd6 Rxd6 22. Rxd6 Bc6 23. g3 Ng6 24. h4 Ne5 25. a3 f6 26. b4 cxb4 27. axb4
Nf7 28. Rd2 b6 29. b5 Bb7 30. Rd7 Nd8 31. c5 Bc8 32. Bc4+ Kf8 33. c6 Bxd7 34.
Bb4+ Re7 35. cxd7 f5 36. Bd5 g6 37. g4 fxg4 38. fxg4 h6 39. Kg3 g5 40. h5 1-0

[Event "Corporacion del Sur-A"]
[Site "Buenos Aires"]
[Date "2006.10.06"]
[Round "4"]
[White "Felgaer, Ruben Alejandro"]
[Black "Cubas, Jose Fernando"]
[Result "1-0"]
[WhiteElo "2591"]
[BlackElo "2426"]
[PlyCount "58"]
[EventDate "2006.10.02"]
[EventType "tourn"]
[EventRounds "11"]
[EventCountry "ARG"]
[EventCategory "10"]
[SourceTitle "CBM 114 Extra"]
[Source "ChessBase"]
[SourceDate "2006.11.03"]
[SourceVersion "1"]
[SourceVersionDate "2006.11.03"]
[SourceQuality "1"]

1. e4 e6 2. d4 d5 3. Nc3 Bb4 4. e5 c5 5. a3 Bxc3+ 6. bxc3 Qa5 7. Bd2 Qa4 8. Qb1
c4 9. Ne2 f6 10. exf6 Nxf6 11. g3 Nc6 12. Bg2 O-O 13. O-O b6 14. Bf4 Bd7 15. h3
Rae8 16. Be5 Ne4 17. Qc1 Qa5 18. Qe3 Ne7 19. g4 Ng6 20. f3 Nf6 21. Bd6 Rf7 22.
Rf2 Kh8 23. Ng3 Qa4 24. f4 Nh4 25. Bh1 Qc6 26. Be5 Qb5 27. Raf1 Qa4 28. f5 exf5
29. gxf5 Qxa3 1-0

[Event "Corporacion del Sur-A"]
[Site "Buenos Aires"]
[Date "2006.10.07"]
[Round "5"]
[White "Cubas, Jose Fernando"]
[Black "Giaccio, Alfredo Gustavo"]
[Result "0-1"]
[WhiteElo "2426"]
[BlackElo "2462"]
[PlyCount "84"]
[EventDate "2006.10.02"]
[EventType "tourn"]
[EventRounds "11"]
[EventCountry "ARG"]
[EventCategory "10"]
[SourceTitle "CBM 114 Extra"]
[Source "ChessBase"]
[SourceDate "2006.11.03"]
[SourceVersion "1"]
[SourceVersionDate "2006.11.03"]
[SourceQuality "1"]

1. e4 c5 2. Nf3 a6 3. g3 e6 4. Bg2 Nc6 5. O-O Qc7 6. a4 Nf6 7. Nc3 Nd4 8. d3 d6
9. Nxd4 cxd4 10. Ne2 e5 11. h3 Bd7 12. f4 Be7 13. c3 dxc3 14. bxc3 b5 15. axb5
Bxb5 16. g4 Nd7 17. c4 Bc6 18. Ng3 g6 19. g5 Nc5 20. f5 Qb6 21. Be3 Qb3 22. Qf3
Qxd3 23. f6 Bf8 24. Rfd1 Qc3 25. Bxc5 Qxf3 26. Bxf3 dxc5 27. Bg4 h5 28. Bf3 Bd7
29. h4 Kd8 30. Rd2 Kc7 31. Nf1 Be6 32. Ne3 Bd6 33. Rad1 Rhd8 34. Nd5+ Bxd5 35.
Rxd5 a5 36. Ra1 Rdb8 37. Rad1 Ra6 38. R5d2 a4 39. Ra1 a3 40. Bd1 Rb2 41. Bc2 a2
42. Kf1 Ra3 0-1

[Event "Corporacion del Sur-A"]
[Site "Buenos Aires"]
[Date "2006.10.08"]
[Round "6"]
[White "Fier, Alexandr"]
[Black "Cubas, Jose Fernando"]
[Result "0-1"]
[WhiteElo "2490"]
[BlackElo "2426"]
[PlyCount "60"]
[EventDate "2006.10.02"]
[EventType "tourn"]
[EventRounds "11"]
[EventCountry "ARG"]
[EventCategory "10"]
[SourceTitle "CBM 114 Extra"]
[Source "ChessBase"]
[SourceDate "2006.11.03"]
[SourceVersion "1"]
[SourceVersionDate "2006.11.03"]
[SourceQuality "1"]

1. e4 e6 2. d4 d5 3. Nc3 Bb4 4. e5 c5 5. a3 Bxc3+ 6. bxc3 Qa5 7. Bd2 Qa4 8. Qg4
Kf8 9. Qd1 b6 10. h4 Ba6 11. Bxa6 Nxa6 12. h5 h6 13. Nf3 Rc8 14. Ra2 Ne7 15.
Rh4 cxd4 16. cxd4 Ke8 17. Rf4 Rf8 18. Qb1 Rc4 19. Kf1 Nb8 20. c3 Nbc6 21. Ra1
Na5 22. Qh7 Nb3 23. Re1 Nxd2+ 24. Nxd2 Rxc3 25. Qxg7 Qc2 26. Nf3 Nf5 27. Qf6
Rg8 28. Kg1 Rxa3 29. Nh4 Qd2 30. Nxf5 Qxe1+ 0-1

[Event "Corporacion del Sur-A"]
[Site "Buenos Aires"]
[Date "2006.10.09"]
[Round "7"]
[White "Cubas, Jose Fernando"]
[Black "Hellsten, Johan"]
[Result "1-0"]
[WhiteElo "2426"]
[BlackElo "2592"]
[PlyCount "81"]
[EventDate "2006.10.02"]
[EventType "tourn"]
[EventRounds "11"]
[EventCountry "ARG"]
[EventCategory "10"]
[SourceTitle "CBM 114 Extra"]
[Source "ChessBase"]
[SourceDate "2006.11.03"]
[SourceVersion "1"]
[SourceVersionDate "2006.11.03"]
[SourceQuality "1"]

1. e4 c5 2. Nf3 e6 3. d4 cxd4 4. Nxd4 a6 5. Nc3 Qc7 6. Bd3 Nf6 7. O-O d6 8. a4
b6 9. f4 Bb7 10. Qf3 Nbd7 11. Bd2 Be7 12. Rae1 Nc5 13. b4 Nxd3 14. cxd3 O-O 15.
g4 Nd7 16. Rc1 Qd8 17. Nce2 Rc8 18. g5 Rxc1 19. Rxc1 g6 20. h4 e5 21. Nc6 Bxc6
22. Rxc6 exf4 23. d4 Re8 24. Nxf4 Nb8 25. Rc1 Bf8 26. Nd5 Bg7 27. Rc7 Rf8 28.
Qf4 Bxd4+ 29. Be3 Be5 30. Qg4 b5 31. a5 Qe8 32. Ne7+ Kh8 33. Bf4 Bd4+ 34. Kg2
Qd8 35. Nd5 Bg7 36. Bd2 f5 37. gxf6 Bxf6 38. Bh6 Rg8 39. Qe6 Be5 40. Qf7 Bg7
41. Bxg7+ 1-0

[Event "Corporacion del Sur-A"]
[Site "Buenos Aires"]
[Date "2006.10.10"]
[Round "8"]
[White "Lujan, Carolina"]
[Black "Cubas, Jose Fernando"]
[Result "0-1"]
[WhiteElo "2419"]
[BlackElo "2426"]
[PlyCount "76"]
[EventDate "2006.10.02"]
[EventType "tourn"]
[EventRounds "11"]
[EventCountry "ARG"]
[EventCategory "10"]
[SourceTitle "CBM 114 Extra"]
[Source "ChessBase"]
[SourceDate "2006.11.03"]
[SourceVersion "1"]
[SourceVersionDate "2006.11.03"]
[SourceQuality "1"]

1. e4 e6 2. d3 d5 3. Qe2 Ne7 4. Nf3 c5 5. g3 Nbc6 6. Bg2 g6 7. e5 Bg7 8. O-O h6
9. h4 Qc7 10. Re1 Nf5 11. c3 b5 12. Bf4 b4 13. Nbd2 bxc3 14. bxc3 Ba6 15. g4
Nfe7 16. c4 Rd8 17. Rac1 g5 18. hxg5 Ng6 19. Bg3 hxg5 20. Nxg5 Bxe5 21. cxd5
Bxg3 22. fxg3 Qxg3 23. Nf1 Qe5 24. dxe6 Qxg5 25. Bxc6+ Kf8 26. Qf3 f6 27. Re3
Rd4 28. Be4 Ne5 29. e7+ Kxe7 30. Bf5 Rf4 31. Qg2 Rxf1+ 32. Kxf1 Qxe3 33. Re1
Qf4+ 34. Kg1 Qd4+ 35. Kf1 Bxd3+ 36. Bxd3 Qxd3+ 37. Kg1 Qd4+ 38. Kf1 Kf7 0-1

[Event "Corporacion del Sur-A"]
[Site "Buenos Aires"]
[Date "2006.10.11"]
[Round "9"]
[White "Cubas, Jose Fernando"]
[Black "Cordova, Emilio"]
[Result "0-1"]
[WhiteElo "2426"]
[BlackElo "2482"]
[PlyCount "114"]
[EventDate "2006.10.02"]
[EventType "tourn"]
[EventRounds "11"]
[EventCountry "ARG"]
[EventCategory "10"]
[SourceTitle "CBM 114 Extra"]
[Source "ChessBase"]
[SourceDate "2006.11.03"]
[SourceVersion "1"]
[SourceVersionDate "2006.11.03"]
[SourceQuality "1"]

1. e4 e5 2. Nf3 Nc6 3. Bc4 Nf6 4. d3 Bc5 5. c3 a6 6. Nbd2 O-O 7. Bb3 d6 8. h3
Bd7 9. Nf1 Ne7 10. Nh4 b5 11. Bg5 Ne8 12. Ne3 Bxe3 13. Bxe3 Be6 14. g4 Bxb3 15.
axb3 d5 16. Bc5 Nd6 17. Qf3 Ng6 18. Nf5 Nf4 19. Bxd6 cxd6 20. exd5 g6 21. Ng3
Qb6 22. O-O-O a5 23. Kc2 b4 24. c4 a4 25. Qe3 Qc7 26. Ra1 Nxd5 27. Qf3 Nf4 28.
Ne2 Ne6 29. Rxa4 Rxa4 30. bxa4 d5 31. Qxd5 Rd8 32. Qb5 Rb8 33. Qd5 Rd8 34. Qb5
Nc5 35. Qxb4 Nxd3 36. Qc3 Qc6 37. Ra1 Nxf2 38. Qe3 Nd1 39. Qxe5 Re8 40. Qxe8+
Qxe8 41. Kxd1 Qe4 42. Ra3 Qb1+ 43. Nc1 Qxb2 44. Rd3 Qb4 45. Rd4 Qxa4+ 46. Kd2
Qb4+ 47. Kc2 Qb7 48. Kc3 Qb1 49. Nb3 Qe1+ 50. Kc2 Qe2+ 51. Kc3 f5 52. gxf5 gxf5
53. c5 f4 54. c6 Qf3+ 55. Kb2 Qxc6 56. Rxf4 Qg2+ 57. Kc3 Qg3+ 0-1

[Event "Corporacion del Sur-A"]
[Site "Buenos Aires"]
[Date "2006.10.12"]
[Round "10"]
[White "Cubas, Jose Fernando"]
[Black "Valerga, Diego"]
[Result "1/2-1/2"]
[WhiteElo "2426"]
[BlackElo "2461"]
[PlyCount "115"]
[EventDate "2006.10.02"]
[EventType "tourn"]
[EventRounds "11"]
[EventCountry "ARG"]
[EventCategory "10"]
[SourceTitle "CBM 114 Extra"]
[Source "ChessBase"]
[SourceDate "2006.11.03"]
[SourceVersion "1"]
[SourceVersionDate "2006.11.03"]
[SourceQuality "1"]

1. e4 c5 2. Nf3 e6 3. d4 cxd4 4. Nxd4 Nf6 5. Nc3 d6 6. Be3 Be7 7. h3 O-O 8. g3
d5 9. e5 Ne4 10. Nxe4 dxe4 11. Nb5 Bd7 12. Qd2 Bxb5 13. Bxb5 Qc7 14. Bf4 Rd8
15. Qe2 a6 16. Bc4 Nd7 17. Qxe4 Nc5 18. Qe2 b5 19. Bd3 Nxd3+ 20. cxd3 g5 21.
Bd2 Rd5 22. d4 Rxd4 23. O-O Qc2 24. Qf3 Qe4 25. Qxe4 Rxe4 26. Rfe1 Ra4 27. b3
Rd4 28. Ba5 Bd8 29. Bc3 Rd3 30. Rac1 Bb6 31. Kg2 a5 32. Red1 Rad8 33. Rxd3 Rxd3
34. Be1 Rd5 35. Rc6 Bd8 36. b4 a4 37. Rc5 Kf8 38. Rxd5 exd5 39. f4 gxf4 40.
gxf4 f6 41. Bc3 fxe5 42. Bxe5 Kf7 43. Kf3 Be7 44. Bc3 Ke6 45. Kg4 d4 46. Bxd4
Bxb4 47. f5+ Kf7 48. Kf4 Be7 49. Ke4 b4 50. Be3 Bf6 51. Bc5 b3 52. axb3 axb3
53. Ba3 h5 54. Ke3 b2 55. Bxb2 Bxb2 56. Kd3 Kf6 57. Ke2 Kxf5 58. Kf1 1/2-1/2

[Event "Corporacion del Sur-A"]
[Site "Buenos Aires"]
[Date "2006.10.13"]
[Round "11"]
[White "Roselli Mailhe, Bernardo"]
[Black "Cubas, Jose Fernando"]
[Result "0-1"]
[WhiteElo "2445"]
[BlackElo "2426"]
[PlyCount "94"]
[EventDate "2006.10.02"]
[EventType "tourn"]
[EventRounds "11"]
[EventCountry "ARG"]
[EventCategory "10"]
[SourceTitle "CBM 114 Extra"]
[Source "ChessBase"]
[SourceDate "2006.11.03"]
[SourceVersion "1"]
[SourceVersionDate "2006.11.03"]
[SourceQuality "1"]

1. d4 d5 2. c4 c6 3. Nc3 Nf6 4. Nf3 dxc4 5. a4 Bf5 6. e3 e6 7. Bxc4 Bb4 8. O-O
Nbd7 9. Be2 Qa5 10. Nh4 Bg6 11. Qb3 Be4 12. Nxe4 Nxe4 13. Qd3 Nef6 14. e4 Rd8
15. Qe3 e5 16. Nf5 g6 17. Nh6 exd4 18. Qxd4 Ne5 19. Qe3 Bd2 20. Qh3 Nxe4 21.
Qh4 Rd4 22. f4 Nd7 23. Bf3 Ndf6 24. Bxd2 Qxd2 25. Rae1 Kf8 26. Re2 Qd3 27. Rfe1
Kg7 28. Re3 Qc4 29. Bxe4 Rxe4 30. Nf5+ gxf5 31. Qg5+ Kf8 32. Qxf6 Qd4 33. Qxd4
Rxd4 34. Re7 Rb4 35. R1e3 Kg7 36. b3 Rd8 37. Rc7 Rxf4 38. h3 Rd1+ 39. Kh2 Re4
40. Rg3+ Kf6 41. Rf3 h5 42. Rf2 h4 43. Rxb7 f4 44. Rxa7 Kg6 45. Rc2 Ree1 46. g3
f3 47. gxh4 Re2+ 0-1

[Event "Sao Paulo FPX 65th"]
[Site "Sao Paulo"]
[Date "2006.10.16"]
[Round "1"]
[White "Cubas, Jose Fernando"]
[Black "Leitao, Rafael Duailibe"]
[Result "0-1"]
[WhiteElo "2426"]
[BlackElo "2601"]
[PlyCount "118"]
[EventDate "2006.10.16"]
[EventType "tourn"]
[EventRounds "9"]
[EventCountry "BRA"]
[EventCategory "10"]
[SourceTitle "CBM 114 Extra"]
[Source "ChessBase"]
[SourceDate "2006.11.03"]
[SourceVersion "1"]
[SourceVersionDate "2006.11.03"]
[SourceQuality "1"]

1. e4 d6 2. d4 Nf6 3. Nc3 g6 4. Be3 c6 5. h3 Bg7 6. a4 O-O 7. Nf3 d5 8. Bd3
dxe4 9. Nxe4 Nd5 10. Bd2 a5 11. O-O Bf5 12. Re1 Nd7 13. Qc1 Re8 14. Bh6 Qc7 15.
c4 Nb4 16. Bb1 Bh8 17. g4 Bxe4 18. Rxe4 e5 19. Qe1 Qb8 20. dxe5 Nxe5 21. Nxe5
Rxe5 22. Ra3 Rxe4 23. Qxe4 Qe5 24. Qxe5 Bxe5 25. Re3 Bxb2 26. Re7 b6 27. Rd7
Bf6 28. Be4 Rd8 29. Rb7 Bg7 30. Bg5 Re8 31. f3 h6 32. Bf4 Bd4+ 33. Kf1 Kg7 34.
h4 h5 35. g5 Re6 36. Bg3 Na6 37. Bc2 Nc5 38. Rb8 Re3 39. Bd1 Ne6 40. Rc8 c5 41.
Rb8 Rc3 42. Rxb6 Rxc4 43. Rb5 Rc1 44. Ke2 c4 45. Rxa5 c3 46. Bb3 c2 47. Bxe6
Rd1 48. Bf4 fxe6 49. Ra6 e5 50. Bd2 c1=Q 51. Bxc1 Rxc1 52. Rd6 Ra1 53. Rd7+ Kf8
54. Rd6 Kf7 55. Rd7+ Ke6 56. Rg7 e4 57. Rxg6+ Kf5 58. Rg8 Ra2+ 59. Ke1 exf3 0-1

[Event "Sao Paulo FPX 65th"]
[Site "Sao Paulo"]
[Date "2006.10.17"]
[Round "2"]
[White "Cubas, Jose Fernando"]
[Black "Vescovi, Giovanni P"]
[Result "1/2-1/2"]
[WhiteElo "2426"]
[BlackElo "2592"]
[PlyCount "146"]
[EventDate "2006.10.16"]
[EventType "tourn"]
[EventRounds "9"]
[EventCountry "BRA"]
[EventCategory "10"]
[SourceTitle "CBM 114 Extra"]
[Source "ChessBase"]
[SourceDate "2006.11.03"]
[SourceVersion "1"]
[SourceVersionDate "2006.11.03"]
[SourceQuality "1"]

1. e4 e5 2. Nf3 Nc6 3. Bc4 Bc5 4. c3 Nf6 5. d3 a6 6. Bb3 d6 7. h3 Ba7 8. Nbd2
O-O 9. Nf1 Be6 10. Ng3 h6 11. Nh2 Ne7 12. Ng4 Ng6 13. Nf5 Re8 14. Qf3 h5 15.
Nxf6+ Qxf6 16. g4 Bxb3 17. axb3 Nh4 18. Qg3 Nxf5 19. gxf5 d5 20. Rg1 Bc5 21.
Bg5 Qb6 22. Be3 g6 23. fxg6 f6 24. Bxc5 Qxc5 25. Qh4 dxe4 26. Qxh5 Re7 27. dxe4
Rd8 28. g7 Rxg7 29. Rxg7+ Kxg7 30. Ke2 Kf8 31. Qh8+ Ke7 32. Qh7+ Ke6 33. Qf5+
Ke7 34. Rg1 Qd6 35. Qh7+ Ke6 36. Qf5+ Ke7 37. Qh7+ Ke6 38. Kf1 Qd3+ 39. Kg2 Qd7
40. Qf5+ Ke7 41. Qh5 Qe6 42. Kh2 Rd2 43. Rg7+ Kd6 44. Qf3 Kc6 45. Rg6 Qxb3 46.
Qxf6+ Kb5 47. Qxe5+ Ka4 48. Qc5 Qxb2 49. Rg2 b6 50. Qc4+ Ka5 51. e5 c5 52. Qf1
Qxc3 53. Qe1 Qb4 54. Rg4 c4 55. e6 Qd6+ 56. Rg3 Qd4 57. Kg1 c3 58. e7 c2 59.
e8=Q c1=Q 60. Rg5+ b5 61. Kg2 Qxf2+ 62. Qxf2 Rxf2+ 63. Kxf2 Qf4+ 64. Ke2 Qxg5
65. Qc8 Qe5+ 66. Kd3 Qd6+ 67. Kc2 Ka4 68. h4 a5 69. Qg4+ b4 70. Qc4 Qh2+ 71.
Kb1 Qg1+ 72. Kb2 Qg7+ 73. Kb1 Qg1+ 1/2-1/2

[Event "Sao Paulo FPX 65th"]
[Site "Sao Paulo"]
[Date "2006.10.17"]
[Round "3"]
[White "Cordova, Emilio"]
[Black "Cubas, Jose Fernando"]
[Result "0-1"]
[WhiteElo "2482"]
[BlackElo "2426"]
[PlyCount "64"]
[EventDate "2006.10.16"]
[EventType "tourn"]
[EventRounds "9"]
[EventCountry "BRA"]
[EventCategory "10"]
[SourceTitle "CBM 114 Extra"]
[Source "ChessBase"]
[SourceDate "2006.11.03"]
[SourceVersion "1"]
[SourceVersionDate "2006.11.03"]
[SourceQuality "1"]

1. d4 d5 2. Nf3 Nf6 3. c4 c6 4. Nc3 dxc4 5. a4 Bf5 6. Ne5 Nbd7 7. Nxc4 Qc7 8.
g3 e5 9. dxe5 Nxe5 10. Bf4 Nfd7 11. Bg2 g5 12. Ne3 gxf4 13. Nxf5 O-O-O 14. O-O
fxg3 15. hxg3 Kb8 16. Rc1 Nc5 17. Qc2 a5 18. Rcd1 Re8 19. Rb1 Ne6 20. Na2 h5
21. b4 h4 22. bxa5 hxg3 23. Nxg3 Bc5 24. e3 Reg8 25. Rb3 Ng5 26. Qf5 Rh5 27.
Qf4 Nef3+ 28. Bxf3 Nh3+ 29. Kg2 Nxf4+ 30. exf4 Rh4 31. Rfb1 Qxf4 32. Rxb7+ Ka8
0-1